Thi công cốt thép dự ứng lực: (Gia công và lắp đặt cốt thép dự ứng lực)

Salvato in:
Dettagli Bibliografici
Autore principale: Đặng Đình Minh
Natura: Libro
Lingua:Vietnamese
Pubblicazione: Xây dựng 2010
Soggetti:
Tags: Aggiungi Tag
Nessun Tag, puoi essere il primo ad aggiungerne! !
Thư viện lưu trữ: Mạng thư viện Đại học Đà Nẵng
LEADER 01052nam a2200313 a 4500
001 000003080
003 03557
005 20171229145311.0
008 171229s2010 vie
040 |a LSK 
041 0 |a VIE 
082 0 |a 624.183412  |b ĐĂ-M 
100 1 |a Đặng Đình Minh 
245 0 0 |a Thi công cốt thép dự ứng lực: (Gia công và lắp đặt cốt thép dự ứng lực) 
260 |b Xây dựng  |c 2010 
300 |a 133 pages  |c 27 cm. 
653 |a Cốt thép dự ứng lực - Thi công 
852 |a Phòng Đọc 
901 |a 1 
927 |a Sách tham khảo 
OWN |a LSK 
AVA |a UDN50  |b LSK  |d 624.183412 ĐĂ-M  |e available  |t Error 5001 Not defined in file expand_doc_bib_avail.  |f 1  |g 0  |h N  |i 0  |k 1 
999 |a From the UDN01 
AVA |a UDN50  |b LSK  |d 624.183412 ĐĂ-M  |e available  |t Error 5001 Not defined in file expand_doc_bib_avail.  |f 1  |g 0  |h N  |i 0  |k 1 
TYP |a Monograph 
TYP |a Printed language 
980 |a Mạng thư viện Đại học Đà Nẵng